00346nam a2200109Ia 450000500170000000800410001710000300005824500970008826000270018530000110021265000130022320260328104323.0260328s9999||||xx |||||||||||||| ||und|| aGonzález, Luis Fernando 0aVicente Galicia :b Arquitectura como religión ,en tona menor. /cLuis Fernando González bEdiciones de la C.A.Sa a141 p. aCOLOMBIA